Arrendamientos rústicos y legislación agraria básica / (Record no. 60054)

MARC details
000 -LEADER
campo de control de longitud fija 00825nam a2200241 i 4500
001 - NÚMERO DE CONTROL
campo de control 60054
003 - IDENTIFICADOR DE NÚMERO DE CONTROL
campo de control ES-MaACL
005 - FECHA Y HORA DE LA ÚLTIMA TRANSACCIÓN
campo de control 20250827062607.0
007 - CAMPO FIJO DE DESCRIPCIÓN FÍSICA--INFORMACIÓN GENERAL
campo de control de longitud fija t|
008 - DATOS DE LONGITUD FIJA--INFORMACIÓN GENERAL
campo de control de longitud fija 031103s1984 sp ||||1| spa d
110 1# - ENTRADA PRINCIPAL--NOMBRE DE ENTIDAD CORPORATIVA
Nombre de entidad corporativa o nombre de jurisdicción como elemento de entrada España
9 (RLIN) 3622
240 10 - TÍTULO UNIFORME
Título uniforme Leyes, etc., de arrendamientos rústicos
245 10 - MENCIÓN DEL TÍTULO
Título Arrendamientos rústicos y legislación agraria básica /
Mención de responsabilidad, etc. edición preparada por José Mª Gil-Robles y Gil-Delgado.
250 ## - MENCION DE EDICION
Mención de edición [1ª ed.].
260 ## - PUBLICACIÓN, DISTRIBUCIÓN, ETC.
Lugar de publicación, distribución, etc. [Madrid] :
Nombre del editor, distribuidor, etc. Civitas,
Fecha de publicación, distribución, etc. [1984]
300 ## - DESCRIPCIÓN FÍSICA
Extensión 359 p. ;
Dimensiones 16 cm.
490 1# - MENCIÓN DE SERIE
Mención de serie Biblioteca de legislación. Civitas
700 1# - ENTRADA AGREGADA--NOMBRE PERSONAL
Nombre de persona Gil-Robles Gil-Delgado, José María.
9 (RLIN) 56870
740 0# - ENTRADA AGREGADA--TÍTULO RELACIONADO/ANALÍTICO NO CONTROLADO
Título relacionado o analítico no controlado Leyes, etc., arrendamientos rústicos.
830 0# - PUNTO DE ACCESO ADICIONAL DE SERIE-TÍTULO UNIFORME
Título uniforme Biblioteca de legislación (Civitas)
9 (RLIN) 182036
852 ## - LOCALIZACIÓN
Ubicación ES-MaACL
Número de control de estantería L-6932
Sublocalización o colección R.106590
Holdings
Estatus retirado Estado de pérdida Estado de daño No para préstamo Biblioteca de origen Biblioteca actual Ubicación en estantería Fecha de adquisición Fuente de adquisición Total de préstamos Signatura topográfica completa Código de barras Visto por última vez Precio de reemplazo Tipo de ítem Koha
        Biblioteca del Ateneo de Madrid Biblioteca del Ateneo de Madrid Depósito 2 17/01/2008     L-6932 1062985 23/02/2023 23/02/2023 Libro impreso